000 00775nam a22002415i 4500
001 172086
003 ES-MaACL
005 20240510130314.0
008 090615s1985 sp |||| | spa d
020 _a8470394479
080 _a821.134.2 Alas, Leopoldo 1.06
100 1 _aSobejano, Gonzalo.
_9106979
245 1 0 _aClarín en su obra ejemplar /
_cGonzalo Sobejano.
260 _a[Madrid] :
_bCastalia,
_c[1985]
300 _a206 p. ;
_c19 cm.
490 1 _aLiteratura y sociedad ;
_v34
504 _aBibliografía: p. 187-206.
600 1 4 _aAlas, Leopoldo,
_d1852-1901-
_xCrítica e interpretación
_919157
830 0 _aLiteratura y sociedad (Madrid) ;
_v34
_9179352
852 _aES-MaACL
_jL-8194
_9R.108677
942 _2udc
999 _c172086
_d172086